Romanov Family 1917 - Statistics

General Stats
  • This quiz has been taken 70 times
  • The average score is 6 of 7
Answer Stats
Hint Answer % Correct
Emperor of Russia Nicholas II
98%
Grand Duchess 4 Anastasia
93%
Empress of Russia Alexandra
85%
Grand Duchess 1 Olga
85%
Tsesarevich Alexei
82%
Grand Duchess 3 Maria
82%
Grand Duchess 2 Tatiana
78%
No matching quizzes found
Score Distribution
Percent of People with Each Score
Percentile by Number Answered
Your Score History
You have not taken this quiz